Lásko, jdi do háje : (Záznam č. 34159)

Podrobnosti MARC
000 -Návěští
Řídící pole kódované 24B 02269nam a2200481 i 4500
001 - Kontrolní číslo
Řídící pole proměnné nkc20253721928
003 - Identifikátor kontrolního čísla
Řídící pole proměnné CZ PrSKC
005 - Datum posledního zpracování
Řídící pole 16B 20260415085626.0
007 - Pole pevné délky pro fyzický popis
Řídící pole kódované ta
008 - Údaje pevné délky
Řídící pole kódované 40B 251125s2025 xr a g 6 000 1acze
020 ## - ISBN
ISBN 9788076629837
Dostupnost Kč 499,00
040 ## - Zdroj katalogizace-agentura
Agentura původní katalogizace ABG001
Jazyk katalogizace cze
Použitá pravidla popisu rda
041 1# - Kód jazyka
Kód jazyka textu/zvuku, mezititulků cze
Kód jazyka originálu fre
072 #7 - Kód předmětové kategorie - Konspekt
Předmětová kategorie 741.52
Zpřesnění předmětové kategorie Komiksy. Komiksové adaptace
Zdroj předmětové klasifikace Konspekt
072 #7 - Kód předmětové kategorie - Konspekt
Předmětová kategorie 929
Zpřesnění předmětové kategorie Biografie
Zdroj předmětové klasifikace Konspekt
080 ## - MDT
Klasifikační znak MDT 741.52.071.1-055.2
Idetifikátor vydání MDT MRF
080 ## - MDT
Klasifikační znak MDT 316.472.42
Idetifikátor vydání MDT MRF
080 ## - MDT
Klasifikační znak MDT 316.628
Idetifikátor vydání MDT MRF
080 ## - MDT
Klasifikační znak MDT 929
Idetifikátor vydání MDT MRF
080 ## - MDT
Klasifikační znak MDT (44)
Idetifikátor vydání MDT MRF
080 ## - MDT
Klasifikační znak MDT (092)741.52
Idetifikátor vydání MDT MRF
100 1# - Hlavní záhlaví - osobní jméno autora
Osobní jméno Lambda, Sophie,
Datumy související se jménem 1986-
Kód role aut
-- ill
9 (RLIN) 20617
240 10 - Unifikovaný název
Unifikovaný název <a href="Tant pis pour l'amour.">Tant pis pour l'amour.</a>
Jazyk díla Česky
245 10 - Údaje o názvu
Název Lásko, jdi do háje :
Další údaje o názvu jak jsem přežila manipulátora /
Údaj o odpovědností, atd. Sophie Lambda ; z francouzského originálu Tant pis pour l'amour ... přeložil Michal Zahálka
250 ## - Údaje o vydání
Označení vydání Vydání první
264 #1 - Nakladatelské údaje
Místo vydání Praha :
Nakladatel Kniha Zlin,
Rok vydání 2025
300 ## - Fyzický popis
Rozsah 301 stran :
další fyzické údaje ilustrace (převážně barevné) ;
Rozměry 24 cm
490 1# - Údaje o edici
Údaje o edici Kniha - Komiks - Zlín
520 2# - Anotace
Anotace, atd. Autobiografický komiks francouzské autorky jako prevence i lék proti toxickým vztahům.
Rozšířený text anotace Když Sophie potká Marcuse, zamiluje se do něj do čtyřiceti osmi hodin. Ona, která byla ohledně lásky tak cynická a nedůvěřivá a nezávislost pro ni byla vším. Jenže pomalu si uvědomuje, že tady něco nehraje. Marcusovy nesrovnalosti, lži a výmluvy se vrší jako hromada špinavého prádla a Sophie si musí přiznat, že se nechala lapit narcistickým manipulátorem, a vše si důkladně přebrat. Nakladatelská anotace. Kráceno.
600 17 - Vedlejší věcné záhlaví - osobní jméno
Osobní jméno Lambda, Sophie,
Datumy související se jménem 1986-
Zdroj záhlaví nebo termínu czenas
9 (RLIN) 20618
648 #7 - Vedlejší věcné záhlaví - chronologický termín
Chronologický termín 21. století
Zdroj záhlaví nebo termínu czenas
-- 395
650 07 - Vedlejší věcné záhlaví - věcné téma
Věcné téma komiksové tvůrkyně
Geografické zpřesnění Francie
Chronologické zpřesnění 21. století
Zdroj záhlaví nebo termínu czenas
9 (RLIN) 20619
650 07 - Vedlejší věcné záhlaví - věcné téma
Věcné téma partnerské vztahy
Zdroj záhlaví nebo termínu czenas
9 (RLIN) 741
650 07 - Vedlejší věcné záhlaví - věcné téma
Věcné téma manipulace (psychologie)
Zdroj záhlaví nebo termínu czenas
9 (RLIN) 233
650 09 - Vedlejší věcné záhlaví - věcné téma
Věcné téma women comics creators
Geografické zpřesnění France
Chronologické zpřesnění 21st century
Zdroj záhlaví nebo termínu eczenas
9 (RLIN) 20620
650 09 - Vedlejší věcné záhlaví - věcné téma
Věcné téma partner relationships
Zdroj záhlaví nebo termínu eczenas
9 (RLIN) 744
650 09 - Vedlejší věcné záhlaví - věcné téma
Věcné téma manipulation (psychology)
Zdroj záhlaví nebo termínu eczenas
9 (RLIN) 237
655 #7 - Rejstříkový termín - žánr/forma
Žánr/forma či základní termín autobiografické komiksy
-- 14369
655 #9 - Rejstříkový termín - žánr/forma
Žánr/forma či základní termín autobiographical comics
-- 14763
700 1# - Vedlejší záhlaví - osobní jméno autora
Osobní jméno Zahálka, Michal,
Datumy související se jménem 1989-
Kód role trl
9 (RLIN) 20621
910 ## - Údaje o vlastníkovi jednotky (exempláře)
Sigla vlastníka jednotky ABG508
Jednotky
Stav ztráty Zdroj klasifikace pro skladování Stav poškození
  Universal Decimal Classification  

Používáme knihovní systém Koha